000 00541nam a22001937a 4500
003 KOHA_MİRAKIL
005 20251118092622.0
008 251118b tu ||||| |||| 00| 0 tur d
020 _a9786256385870
040 _aTR-AnABB
_btur
_cTR-AnABB
041 _atur
082 _a791.401
_bRUS 2023
100 1 _aRushton, Richard,
245 1 0 _aDeleuze'den sonra sinema /
_cRichard Rushton
260 _aİstanbul :
_bVakıfbank Kültür Yayınları,
_c2023
300 _a222 sayfa ;
_c20 cm
650 0 0 _aFelsefe
942 _2ddc
_cBK
999 _c9515
_d9515
900 _bGizem YORULMAZ